000 01242nam a2200229Ia 4500
003 Ost
005 20260507075329.0
008 260507s9999||||xx |||||||||||||| ||und||
020 _a9789957075743
040 _cfsecg
041 _aara
082 _a330
100 _aذياب، صلاح محمد
_eمؤلف
245 0 _aإدارة المستثفيات والمراكز الصحية الحديثة :
_bمنظور شامل /
_c صلاح محمد ذياب
260 _aعمان:
_bدار الفكر,
_c2009
300 _a336 صفحة؛
_bإيضاحات ؛
_c25 سم
520 _aمفهوم و تطور الادارة الصحية النظام الصحي و التخطيط الصحي ، التنظيم و الهيكل التنظيمي في المستشفيات و المراكز الصحية ، إدارة القوى البشرية والرقابة في المستشفى و المؤسسات الصحية الوظائف و المهام للاقسام و الوحدات التنظيمية ة تقييم الاداء في المستشفيات ، إدارة الصراع في المستشفى
653 _aالصحة العامة
653 _aالمستشفيات ــ ادارة
653 _aالمشتشفيات
942 _cكتاب
999 _c43987
_d43987